Où se situe la ville de ... #4 Royaume-Uni et Irlande - Statistiques

Statistiques générales
  • Ce quiz a été pris 35 fois
  • Le résultat moyen est 8 sur 10
Statistiques - réponses
Question Réponse % Correct
Où se situe la ville de Portsmouth ? Angleterre
100%
Quel pays ne possède PAS de rouge sur son drapeau ? Ecosse
94%
Où se situe la ville d'Aberdeen ? Ecosse
88%
Où se situe la ville de Belfast ? Irlande du Nord
88%
A quel pays appartient les iles de Jersey et Guernesey ? Angleterre
85%
Où se situe la ville de Limerick ? Irlande
82%
Où se situe la ville de Swansea ? Pays de Galles
74%
Où se situe la ville de Hull ? Angleterre
68%
Où se situe la ville de Llanelli ? Pays de Galles
62%
De quoi est composé la Grande Bretagne ? Pays de Galles, Angleterre, Ecosse
29%
Aucun quiz correspondant
Distribution des résultats
% des personnes avec chaque résultat
Percentile par nombre de réponses
Votre historique - résultats
Vous n’avez pas pris ce quiz